[Event "CAN-ch U14 Girls"]
[Site "Ottawa"]
[Date "2007.07.04"]
[Round "3"]
[White "Sunatori, Evelyne"]
[Black "Johnston, Jennifer"]
[Result "1-0"]
[WhiteElo "1418"]
[BlackElo "978"]
[PlyCount "121"]
[EventDate "2007.07.03"]
[EventType "swiss"]
[EventRounds "5"]
[EventCountry "CAN"]
[SourceTitle "EXT 2022"]
[Source "ChessBase"]
[SourceDate "2021.10.06"]
[SourceVersion "1"]
[SourceVersionDate "2021.10.06"]
[SourceQuality "1"]

1. e4 e5 2. Nf3 Nc6 3. Bc4 Bc5 4. 0-0 Nf6 5. Nc3 d6 6. h3 Be6 7. Bxe6 fxe6 8. Ng5 Qe7 9. d3 d5 10. Be3 d4 11. Bxd4 exd4 12. Na4 0-0-0 13. Nxc5 Qxc5 14. Nxe6 Qh5 15. Nxd8 Nxd8 16. Qxh5 Nxh5 17. g4 Nf4 18. Kh2 Rf8 19. Rae1 Nde6 20. h4 g5 21. Kg3 gxh4+ 22. Kxh4 Ng2+ 23. Kh5 Nxe1 24. Rxe1 Nf4+ 25. Kh6 Rf7 26. g5 Ng6 27. e5 Re7 28. e6 Nf4 29. Re4 Rxe6+ 30. Rxe6 Nxe6 31. f4 Nxf4 32. Kxh7 Kd8 33. Kg7 Ne6+ 34. Kf6 Nf8 35. Kf7 Nh7 36. g6 Ng5+ 37. Kf6 Ke8 38. g7 Nh7+ 39. Kg6 Nf8+ 40. Kf6 Nd7+ 41. Kg6 Nf8+ 42. Kf6 Nh7+ 43. Kg6 Nf8+ 44. gxf8Q+ Kxf8 45. Kf6 Ke8 46. Ke6 b6 47. Kd5 c5 48. Kc6 Kd8 49. Kb7 Kd7 50. Kxa7 Kc6 51. c4 b5 52. b3 bxc4 53. bxc4 Kd6 54. Kb6 Ke5 55. Kxc5 Kf4 56. Kxd4 Kf3 57. c5 Ke2 58. c6 Kd2 59. c7 Kc2 60. c8Q+ Kb2 61. a4 1-0